La desesperanza como proyecto de autorrealización en Un bel morir de Alvaro Mutis: estudio semiótico-literario

Gardado en:
Detalles Bibliográficos
Autor Principal: Gutiérrez Cardoso, Nercy (Author)
Formato: Libro
Idioma:Lingua castelá
Publicado: Universidad Surcolombiana 2012
Edición:1a. ed
Series:Colección de Arte y Literatura
Subjects:
Tags: Engadir etiqueta
Sen Etiquetas, Sexa o primeiro en etiquetar este rexistro!

MARC

LEADER 00000cam a2200000 a 4500
001 UCF8131
003 CL-VaPUC
005 20240513153500.0
008 130802e20121200ck |||||||||||||||||spa|d
999 |c 352781  |d 352779 
020 |a 9789588682648 
040 |c Pontificia Universidad Católica de Valparaíso 
082 0 4 |a Co863.9  |b GUT  |2 21 
100 0 |a Gutiérrez Cardoso, Nercy  |e author  |9 570205 
245 1 3 |a La desesperanza como proyecto de autorrealización en Un bel morir de Alvaro Mutis: estudio semiótico-literario 
250 |a 1a. ed 
260 |b Universidad Surcolombiana  |c 2012 
300 |a 108 p 
490 0 |a Colección de Arte y Literatura 
583 |a last modification  |c 20130802 12:08:00  |k Rodrigo Vera 
600 |a Mutis, Álvaro,  |d 1923-2013  |9 871635 
650 7 |a ENSAYOS LITERARIOS  |2 CL-VaPUC  |9 346201 
650 0 |a Crítica e interpretación literaria  |9 266284 
650 0 |a Novela colombiana  |9 318718 
942 |c BK  |2 ddc 
945 |d 20130802 12:08:00  |a dcastane 
952 |0 0  |1 0  |4 0  |6 CO_863_900000000000000_GUT_2012  |7 0  |8 A  |9 457442  |a BIBEDU  |b BIBEDU  |d 2019-11-22  |i 4991931  |o Co863.9 GUT 2012  |p 4991931  |r 2019-11-22  |w 2019-11-22  |y BK  |k LIT